|
|
|
|
| LEADER |
00000cam a2200000 a 4500 |
| 001 |
178 |
| 005 |
20230308160056.0 |
| 008 |
000000|1884 ||||||||r|||||||||||spa|| |
| 040 |
|
|
|b spa
|
| 041 |
0 |
|
|a Español
|
| 082 |
0 |
|
|a 340.1
|
| 100 |
1 |
|
|a Mendive, José
|9 8584
|
| 245 |
|
|
|a Elementos de derecho natural
|c José Mendive
|h imp
|
| 264 |
|
|
|a Valladolid
|b Impáginas: y Lib. de la Viudad de Cuesta e Hijo
|c 1884
|
| 300 |
|
|
|a 368 páginas:
|c 21.5 cm
|
| 504 |
|
|
|a incl. ref.
|
| 650 |
|
|
|a Derecho natural
|9 14882
|
| 852 |
|
|
|a UC-CDJBV
|c COLONIALES
|f Compra
|k margarita.gutierrez
|l 1
|m Limitada
|p 00000000
|q 50.00
|t 178
|y 63615
|b 1
|d CDRC
|e CDRC
|g 340.1 COLONIALES
|z 0000-00-00
|
| 856 |
|
|
|a http://sibuc.ucuenca.edu.ec/portada/178-cdj.jpg
|
| 942 |
|
|
|c BK
|
| 999 |
|
|
|c 8910
|d 8910
|